000 00815nam a2200205 a 4500
008 120217s2009 ||||||||||||||||| || u
020 _a9780443068294
050 _aRC 55 Dav
100 _aJones, Jeremy B
245 1 0 _aDavidson's foundations of clinical practice
_cedited by Hazel R. Scott, Kevin G. Blyth and Jeremy B. Jones
260 _aOxford:
_bElsevier
_c2009
300 _axii, 488p.: ill.
350 _a0.00
650 _aDIAGNOSTIC TECHNIQUES AND PROCEDURES
650 _aCLINICAL MEDICINE--HANDBOOKS, MANUALS, ETC
650 _aCLINICAL MEDICINE--METHODS
700 _aBlyth, Kevin G
700 _aScott, Hazel R
995 _aMEDICAL LIBRARY OPEN ACCESS
_e901530
_FCBU-SCHOOL OF MEDICINE LIBRARY (Ndola)
_I0.00
_jRC 55 Dav
_M1
_UAVAILABLE
_WJun 27, 2012
_y901530
_ZMedical Library Open Access Collection
999 _c31213
_d31213